Estados Unidos-Europa: terrorismo y defensa /

Salvato in:
Dettagli Bibliografici
Autore principale: Sberro, Stéphan
Natura: testo
Soggetti:
Tags: Aggiungi Tag
Nessun Tag, puoi essere il primo ad aggiungerne!!

MARC

LEADER 00000 a a2200000 04500
001 9674
003
040
100 |a Sberro, Stéphan  
245 |a Estados Unidos-Europa:   |b terrorismo y defensa /  |c Stéphan Sberro 
650 |a ESTADOS UNIDOS  
650 |a EUROPA  
650 |a RELACIONES INTERNACIONALES  
650 |a GEOPOLITICA  
650 |a ALIANZAS  
650 |a IDEOLOGIAS  
650 |a TERRORISMO  
650 |a SEGURIDAD NUCLEAR  
650 |a POLITICA DE DEFENSA  
650 |a MILITARISMO  
650 |a ACTIVIDAD MILITAR  
773 |g volumen 8, número 35; páginas 77-87  
999 |c 22565  |d 22565